ESSENTIALS OF MANAGEMENT (Record no. 10158)
[ view plain ]
| 000 -LEADER | |
|---|---|
| fixed length control field | 00373nam a2200145Ia 4500 |
| 008 - FIXED-LENGTH DATA ELEMENTS--GENERAL INFORMATION | |
| fixed length control field | 240624s9999 xx 000 0 und d |
| 041 ## - LANGUAGE CODE | |
| Language code of text/sound track or separate title | eng |
| 082 ## - DEWEY DECIMAL CLASSIFICATION NUMBER | |
| Classification number | 658 MAS |
| 100 ## - MAIN ENTRY--PERSONAL NAME | |
| Personal name | MASSIE JOSEPH L |
| 245 ## - TITLE STATEMENT | |
| Title | ESSENTIALS OF MANAGEMENT |
| 250 ## - EDITION STATEMENT | |
| Edition statement | (4th ed.) |
| 260 ## - PUBLICATION, DISTRIBUTION, ETC. | |
| Date of publication, distribution, etc. | 2008 |
| Place of publication, distribution, etc. | New Delhi |
| Name of publisher, distributor, etc. | Prentice-Hall of India |
| 300 ## - PHYSICAL DESCRIPTION | |
| Extent | xvi, : 301 : p. : cm. ; 24 |
| 365 ## - TRADE PRICE | |
| Currency code | RS |
| Price amount | 36 |
| Withdrawn status | Lost status | Damaged status | Not for loan | Home library | Current library | Shelving location | Date acquired | Source of acquisition | Cost, normal purchase price | Total Holds | Full call number | Barcode | Date last seen | Copy number | Price effective from | Koha item type |
|---|---|---|---|---|---|---|---|---|---|---|---|---|---|---|---|---|
| Store Books | IMTN | IMTN | Rack 22-B | 09/20/2008 | IBH | 150.00 | 1473 | 658 MAS | 10158 | 06/24/2024 | 1 | 06/24/2024 | Books |